000
00377nam a22001577a 4500
003
MPLRDC
005
20220104123710.0
008
210129b ||||| |||| 00| 0 eng d
082
_a
413.6 ZHJ
100
_a
朱鹤皋、陆奎生合著
245
_a
妇科病根治法
_c
260
_a
_b
实用书局
_c
300
_b
平
650
_a
中医妇科
942
_c
BK
_o
413.6 ZHJ
999
_c
13482
_d
13472